|
|
|
|
| LEADER |
01685nam a2200433Ia 4500 |
| 001 |
EBC3414826 |
| 003 |
MiAaPQ |
| 005 |
20200520144314.0 |
| 006 |
m o d | |
| 007 |
cr cn||||||||| |
| 008 |
000327s2000 miua sb s000 0 eng d |
| 010 |
|
|
|z 00037421
|
| 020 |
|
|
|z 047211154X (cloth : alk. paper)
|
| 020 |
|
|
|z 9780472111541
|
| 035 |
|
|
|a (MiAaPQ)EBC3414826
|
| 035 |
|
|
|a (Au-PeEL)EBL3414826
|
| 035 |
|
|
|a (CaPaEBR)ebr10393000
|
| 035 |
|
|
|a (CaONFJC)MIL260489
|
| 035 |
|
|
|a (OCoLC)743201022
|
| 040 |
|
|
|a MiAaPQ
|c MiAaPQ
|d MiAaPQ
|
| 050 |
|
4 |
|a HF3866
|b .C38 2000
|
| 082 |
0 |
4 |
|a 382/.0917/4927
|2 21
|
| 245 |
0 |
0 |
|a Catching up with the competition
|h [electronic resource] :
|b trade opportunities and challenges for Arab countries /
|c Bernard Hoekman and Jamel Zarrouk, editors.
|
| 260 |
|
|
|a Ann Arbor :
|b University of Michigan Press,
|c c2000.
|
| 300 |
|
|
|a xiv, 340 p. :
|b ill.
|
| 490 |
1 |
|
|a Studies in international economics
|
| 504 |
|
|
|a Includes bibliographical references.
|
| 533 |
|
|
|a Electronic reproduction. Ann Arbor, MI : ProQuest, 2015. Available via World Wide Web. Access may be limited to ProQuest affiliated libraries.
|
| 650 |
|
0 |
|a Competition, International.
|
| 650 |
|
0 |
|a Free trade
|z Arab countries.
|
| 650 |
|
0 |
|a International trade.
|
| 651 |
|
0 |
|a Arab countries
|x Commerce.
|
| 651 |
|
0 |
|a Arab countries
|x Commercial policy.
|
| 655 |
|
4 |
|a Electronic books.
|
| 700 |
1 |
|
|a Hoekman, Bernard M.,
|d 1959-
|
| 700 |
1 |
|
|a Zarrouk, Jamel,
|d 1950-
|
| 710 |
2 |
|
|a ProQuest (Firm)
|
| 830 |
|
0 |
|a Studies in international economics (Ann Arbor, Mich.)
|
| 856 |
4 |
0 |
|u https://ebookcentral.proquest.com/lib/matrademy/detail.action?docID=3414826
|z Click to View
|